[Event "Schwaebisch Gmuend op"]
[Site "Schwaebisch Gmuend"]
[Date "1994.??.??"]
[Round "5"]
[White "Golubev, Mihail"]
[Black "Zimmer, Ralph"]
[Result "1-0"]
[WhiteElo "2560"]
[BlackElo "2245"]

1.e4 c5 2.Nf3 Nc6 3.Bb5 d6 4.Bxc6+ bxc6 5.O-O e6 6.d3 d5 7.c4 Nf6 8.Nc3 Be7
9.Qa4 O-O 10.Qxc6 Rb8 11.Qa4 dxe4 12.dxe4 a6 13.Qc2 Qc7 14.Bg5 Bb7 15.Rad1 Bc6
16.b3 Qb7 17.Ne5 Rfe8 18.h3 Rbc8 19.Rd2 h6 20.Bf4 Nd7 21.Nxd7 Bxd7 22.Bd6 Bc6
23.Rfd1 Red8 24.Bxe7 Qxe7 25.f3 Qg5 26.Rd3 Kf8 27.Qd2 Rxd3 28.Qxd3 Ke8 29.Qd2 Qe5
30.Ne2 Ke7 31.Qa5 Bb7 32.Qc3 Qg5 33.Qd2 Qxd2 34.Rxd2 Bc6 35.Kf2 f6 36.Ke3 g5
37.Nc1 h5 38.e5 f5 39.Rd6 f4+ 40.Ke2 Bb7 41.h4 Rg8 42.Nd3 gxh4 43.Nxf4 Bc8
44.Kf2 Rg5 45.Rc6  1-0

[Event "Schwaebisch Gmuend op"]
[Site "Schwaebisch Gmuend"]
[Date "1994.??.??"]
[Round "7"]
[White "Lupu, Mircea Sergiu"]
[Black "Frolov, Artur"]
[Result "0-1"]
[WhiteElo "2430"]
[BlackElo "2525"]

1.e4 c5 2.Nf3 Nc6 3.Bb5 e6 4.Bxc6 dxc6 5.d3 Qc7 6.O-O Ne7 7.e5 Ng6 8.Qe2 Bd7
9.a4 Be7 10.Re1 f6 11.Na3 O-O 12.exf6 gxf6 13.d4 cxd4 14.Nxd4 e5 15.Qc4+ Rf7
16.Nf3 Qc8 17.Be3 Be6 18.Qc3 Bd5 19.Nd2 Nh4 20.Bh6 Nf5 21.Qh3 Nxh6 22.Qxh6 Rg7
23.g3 Rg6 24.Qh4 Rg4 25.Qh6 Qf5 26.c4 Bf7 27.Nf1 Rg5 28.Qh4 Bh5 29.Ne3 Qe6
30.Nac2 Rd8 31.f4 exf4 32.Qxf4 Re5 33.h4 Rd2 34.g4 Bg6 35.Nd4 Rxd4 36.Qxd4 Bb4
37.Ng2 Bxe1  0-1

[Event "Sevilla op"]
[Site "Sevilla"]
[Date "1994.??.??"]
[Round "3"]
[White "Hernandez, Gilberto"]
[Black "Oms Pallise, Josep"]
[Result "1-0"]
[WhiteElo "2485"]
[BlackElo "2305"]

1.e4 c5 2.Nf3 Nc6 3.Bb5 g6 4.O-O Bg7 5.c3 Nf6 6.Re1 O-O 7.h3 e5 8.d3 Qc7
9.Be3 d6 10.Nbd2 a6 11.Ba4 b5 12.Bc2 Bb7 13.Rc1 Rfe8 14.a3 Rad8 15.b4 cxb4
16.cxb4 d5 17.Bg5 h6 18.Bxf6 Bxf6 19.exd5 Rxd5 20.Ne4 Bg7 21.Bb3 Rdd8 22.Ba2 Qe7
23.Nc5 Nd4 24.Nxe5 Bxe5 25.f4 Nf3+ 26.gxf3 Bd4+ 27.Kg2 Qxe1 28.Qxe1 Rxe1
29.Rxe1 Bxc5 30.bxc5 Rxd3 31.Re7 Bxf3+ 32.Kf2 Rd2+ 33.Kxf3 Rxa2 34.c6 Kg7
35.Re2 Ra1 36.Rc2 Rxa3+ 37.Ke4 Ra1 38.c7 Re1+ 39.Kf3 Re8 40.c8=Q  1-0

[Event "Sevilla op"]
[Site "Sevilla"]
[Date "1994.??.??"]
[Round "6"]
[White "De la Riva Aguado, Oscar"]
[Black "Durban Piera, Joan"]
[Result "1-0"]
[WhiteElo "2405"]
[BlackElo "2270"]

1.e4 c5 2.Nf3 Nc6 3.Bb5 g6 4.O-O Bg7 5.Re1 e5 6.Bxc6 bxc6 7.c3 d6 8.d4 cxd4
9.cxd4 Bg4 10.dxe5 Bxf3 11.Qxf3 Bxe5 12.Nd2 Qf6 13.Qb3 Ne7 14.Nf3 h6 15.Nxe5 dxe5
16.Be3 O-O 17.Bxh6 Rfb8 18.Qg3 Rxb2 19.Bg5 Qe6 20.Qh4 f6 21.Bxf6 Rf8 22.Qh8+ Kf7
23.Qg7+ Ke8 24.Bh4 Rf7 25.Qh6 Kd7 26.Qe3 Nc8 27.Qc3 Rxa2 28.Red1+ Kc7 29.Rxa2 Qxa2
30.Qxe5+ Kb7 31.Bg3 Nb6 32.Ra1  1-0

[Event "Sitges op"]
[Site "Sitges"]
[Date "1994.??.??"]
[Round "4"]
[White "Sofieva, Ainur"]
[Black "Marin, Mihail"]
[Result "0-1"]
[WhiteElo "2385"]
[BlackElo "2520"]

1.e4 c5 2.Nf3 Nc6 3.Bb5 g6 4.Bxc6 bxc6 5.O-O Bg7 6.Re1 Nh6 7.e5 O-O 8.Nc3 f6
9.exf6 Rxf6 10.Qe2 d5 11.Qxe7 Qxe7 12.Rxe7 Bg4 13.Ng5 Nf5 14.Rb7 Nd4 15.b4 h6
16.bxc5 hxg5 17.Bb2 Rf7 18.Rb4 Bf5  0-1

[Event "SLO-ch U20"]
[Site "?"]
[Date "1994.??.??"]
[Round "?"]
[White "Zugaj, Fjodor"]
[Black "Serdt, Simon"]
[Result "0-1"]
[WhiteElo "2180"]
[BlackElo "2135"]

1.e4 c5 2.Nf3 Nc6 3.Bb5 Nf6 4.Qe2 e6 5.c3 Be7 6.O-O O-O 7.Rd1 d5 8.d3 Bd7
9.Nbd2 a6 10.Bxc6 Bxc6 11.e5 Nd7 12.Nf1 Qc7 13.Bf4 Rfc8 14.h4 b5 15.N1h2 Rab8
16.h5 b4 17.g4 bxc3 18.bxc3 Qa5 19.Rac1 Rb7 20.g5 g6 21.Nh4 Rcb8 22.Ng4 Rb2
23.Qf3 Qa4 24.d4 Rc2 25.Nh6+ Kg7 26.Be3 Rf8 27.Kg2 Nxe5 28.Qf4 Nc4 29.Rh1 e5
30.N4f5+ gxf5 31.Nxf5+ Kh8 32.Qf3 Bd8 33.Nh4 cxd4 34.Ng6+ Kg8 35.Nxf8 dxe3
36.Rxc2 d4  0-1

[Event "SLO-chT"]
[Site "?"]
[Date "1994.??.??"]
[Round "?"]
[White "Kecic, Stevan"]
[Black "Supancic, Darko"]
[Result "1/2-1/2"]
[WhiteElo "2250"]
[BlackElo "2375"]

1.e4 c5 2.Nf3 Nc6 3.Bb5 g6 4.O-O Bg7 5.Re1 e5 6.Nc3 Nge7 7.d3 O-O 8.Bg5 d6
9.Bxc6 bxc6 10.Qc1 Bg4 11.Nd2 f6 12.f3 Be6 13.Be3 f5 14.Na4 f4 15.Bf2 g5
16.Kf1 h5 17.Ke2 g4 18.c4 Ng6 19.Rh1 Bf6 20.Qf1 Rf7 21.Kd1 Kh7 22.Kc2 Rb8
23.Nc3 Qa5 24.a4 Qd8 25.Nd1 Qc8 26.Be1 Bd8 27.fxg4 hxg4 28.h3 g3 29.Qe2 Bf6
30.Nf3 Kg7 31.Nc3 Rfb7 32.Ra2 Qh8 33.Nb1 Qh5 34.Bc3 Bf7 35.Nbd2 Nf8 36.Raa1 Ne6
37.Rae1 Qh8 38.Qd1 Bh5 39.Qa1 Nd4+ 40.Bxd4 cxd4 41.Rb1 Bd8 42.a5 c5 43.b3 Bc7
44.Rb2 Qd8 45.a6 Rb6 46.Rhb1 Qc8 47.Ra2 Bd8 48.Ra3 Rc6 49.Rb2 Rcb6 50.Rba2 Bf6
51.Ra4 Be8 52.R4a3 Bd7 53.Ng1 Rb4 54.Ndf3 Qh8 55.Nd2 Qh5 56.Ndf3 Bg5 57.Rb2 Bc8
58.Rba2  1/2-1/2

[Event "SLO-chT"]
[Site "?"]
[Date "1994.??.??"]
[Round "?"]
[White "Pavasovic, Dusko"]
[Black "Riegler, Primoz"]
[Result "1-0"]
[WhiteElo "2320"]
[BlackElo "2270"]

1.e4 c5 2.Nf3 Nc6 3.Bb5 g6 4.O-O Bg7 5.c3 Nf6 6.d4 Nxe4 7.d5 Nb8 8.Bf4 O-O
9.Re1 Nf6 10.d6 e6 11.a4 b6 12.a5 a6 13.Bf1 Nc6 14.axb6 Nd5 15.Bg5 Qxb6 16.Ra2 h6
17.Bc1 a5 18.Na3 Ba6 19.Nc4 Qd8 20.Nfd2 Bxc4 21.Nxc4 f5 22.g3 Nb6 23.Qb3 Nxc4
24.Qxc4 Ne5 25.Qe2 Nf7 26.Bg2 Ra7 27.Qb5 Nxd6 28.Qxc5 Nc8 29.Be3 g5 30.Qb5 Rc7
31.f4 gxf4 32.Bxf4 d6 33.Rxe6 Rc5 34.Qe2 Be5 35.Be3 Qd7 36.Rg6+ Kh7 37.Rxh6+ Kg7
38.Qh5  1-0

[Event "SLO-chT"]
[Site "?"]
[Date "1994.??.??"]
[Round "?"]
[White "Ankerst, Milka"]
[Black "Kosec, Tina"]
[Result "0-1"]
[WhiteElo "2110"]
[BlackElo "2105"]

1.e4 c5 2.Nf3 Nc6 3.Bb5 g6 4.O-O Bg7 5.Re1 d6 6.Bxc6+ bxc6 7.c3 d5 8.e5 Bg4
9.h3 Bxf3 10.Qxf3 e6 11.b3 Ne7 12.Ba3 Qb6 13.d3 Nf5 14.Nd2 Qa5 15.Bb2 O-O
16.Nf1 Rfd8 17.g4 Ne7 18.Ng3 Qb6 19.Bc1 h6 20.h4 a5 21.Ba3 Nc8 22.c4 a4 23.h5 axb3
24.axb3 Qb8 25.Qe3 g5 26.f4 gxf4 27.Qxf4 Qxb3 28.g5 Qxd3 29.Bxc5 Rxa1 30.Rxa1 Qxc4
31.Qf2 hxg5 32.Rf1 Qf4 33.Qg2 Qxe5 34.Ne2 f6 35.Nd4 Qe4 36.Qg3 Re8 37.Qc7 Qg4+
38.Kh1 Qxh5+ 39.Kg1 Qg4+ 40.Kh1 Qh3+ 41.Kg1 Qe3+ 42.Kg2 Qe4+ 43.Kg1 Ne7 44.Qd7 Qe3+
45.Kg2 Kf7 46.Rf3 Qe4 47.Kf2 g4 48.Re3 g3+ 49.Ke2 Qg4+ 50.Kf1 Qf4+ 51.Ke2 Qf2+
52.Kd3 e5 53.Qe6+ Kf8 54.Nf5 e4+ 55.Kc3 d4+ 56.Kxd4 Qb2+ 57.Rc3 Qd2+ 58.Kxe4 Qe2+
59.Re3 Qc2+ 60.Kd4 Rd8+ 61.Nd6 Nf5+ 62.Qxf5 Qxf5 63.Re8+ Rxe8 64.Nxf5+ Kg8
65.Nxg3 f5+ 66.Kd3 f4 67.Ne4 Kh7 68.Bd6 Be5 69.Bc5 Kg6 70.Nd2 Rd8+ 71.Ke2 Kf5
72.Nf3 Bd6 73.Bf2 c5 74.Nd2 Kg4 75.Kf1 f3 76.Nc4 Bg3 77.Ne3+ Kh3 78.Kg1 Rd2
79.Bxg3 Kxg3 80.Nf1+ Kf4  0-1

[Event "Wch U26"]
[Site "Sofia"]
[Date "1994.??.??"]
[Round "2"]
[White "Kotsur, Pavel"]
[Black "Tzermiadianos, Andreas"]
[Result "0-1"]
[WhiteElo "2455"]
[BlackElo "2350"]

1.e4 c5 2.Nf3 Nc6 3.Bb5 g6 4.O-O Bg7 5.c3 Nf6 6.d4 cxd4 7.cxd4 Nxe4 8.d5 Nd6
9.Bd3 Nb4 10.Nc3 O-O 11.Bf4 b6 12.Re1 Bb7 13.Bxd6 exd6 14.Bc4 Rc8 15.Bb3 Rxc3
16.bxc3 Bxc3 17.Nd2 Bxa1 18.Qxa1 f5 19.Qd4 Na6 20.Qf4 Re8 21.Rxe8+ Qxe8 22.Qxd6 Nc5
23.Bc4 Qe1+ 24.Nf1 Qxf2+ 25.Kh1 Qd4  0-1

[Event "Wch U26"]
[Site "Sofia"]
[Date "1994.??.??"]
[Round "3"]
[White "Przedmojski, Rafal"]
[Black "Mastrokoukos, Georgios"]
[Result "0-1"]
[WhiteElo "2335"]
[BlackElo "2390"]

1.e4 c5 2.Nf3 Nc6 3.Bb5 g6 4.O-O Bg7 5.Re1 Nf6 6.c3 O-O 7.h3 a6 8.Ba4 e5
9.d3 b5 10.Bc2 d5 11.a4 Bb7 12.Be3 d4 13.cxd4 cxd4 14.Bd2 Qe7 15.Na3 b4 16.Nc4 Nd7
17.Bb3 Rab8 18.Bg5 Bf6 19.Bh6 Rfe8 20.Ncd2 Nc5 21.Bc4 Na5 22.Qc2 b3 23.Qb1 Bc6
24.Rc1 Rb4 25.Ne1 Nxc4 26.Rxc4 Rxc4 27.Nxc4 Bxa4 28.Nb6 Bc6 29.f4 Qc7 30.fxe5 Bxe5
31.Nc4 Bf4 32.Bxf4 Qxf4 33.Qc1 Qc7 34.Na5 Qb6 35.Nxc6 Qxc6 36.Qc4 Qd6 37.Nf3 Ne6
38.e5 Qd7 39.Qxb3 Nf4 40.Rxa6 Rc8 41.Kh2 Qc7 42.Rd6 Qc1 43.Rxd4 Rc2 44.Qb8+ Kg7
45.Ne1 Rxg2+ 46.Nxg2 Ne2 47.Ne1 Nxd4 48.Qd6 Qf4+ 49.Kg1 Qe3+  0-1

[Event "Wch U26"]
[Site "Sofia"]
[Date "1994.??.??"]
[Round "7"]
[White "Novik, Maxim"]
[Black "Pantev, Veselin"]
[Result "1/2-1/2"]
[WhiteElo "2480"]
[BlackElo "2270"]

1.e4 c5 2.Nf3 Nc6 3.Bb5 g6 4.O-O Bg7 5.c3 Nf6 6.Re1 O-O 7.d4 d5 8.exd5 Qxd5
9.c4 Qd6 10.d5 Nd4 11.Nxd4 cxd4 12.Qxd4 Ng4 13.Qf4 Qxf4 14.Bxf4 Bxb2 15.Nd2 Bxa1
16.Rxa1 a6 17.Ba4 b5 18.Bb3 bxc4 19.Nxc4 a5 20.Ba4 Ba6 21.Nb6 Ra7 22.Bc6 Rd8
23.h3 Nf6 24.Re1 Bd3 25.Be3 Ra6 26.Bb7 Ra7 27.Bc6 h5 28.Na4 Ra6 29.Nc5 Nxd5
30.Nxa6 Bxa6 31.Rd1 e6 32.Bxd5 Rxd5 33.Rxd5 exd5 34.f4 a4 35.Kf2 Bc4 36.a3 f6
37.Bd4 Kf7 38.h4 Ke6 39.g3 Kf5 40.Ke3 Kg4 41.Bxf6 Kxg3 42.Bg5 Kg4 43.Bd8 Kh3
44.Bf6 Kg4 45.Bg5 Kf5 46.Bd8 Bb3 47.Bg5 Bc2 48.Bd8 Be4 49.Bg5 Ke6 50.Kd4 Kf5
51.Ke3  1/2-1/2

[Event "Solin"]
[Site "Solin"]
[Date "1994.??.??"]
[Round "5"]
[White "Cvorovic, Drazen"]
[Black "Lisenko, Alexander V"]
[Result "1/2-1/2"]
[WhiteElo "2435"]
[BlackElo "2415"]

1.e4 c5 2.Nf3 Nc6 3.Bb5 g6 4.O-O Nf6 5.Re1 Bg7 6.Bxc6 dxc6 7.h3 O-O 8.d3 Ne8
9.e5 Nc7 10.Nbd2 Ne6 11.b3 Nd4 12.Bb2 Be6 13.a4 a5 14.Ne4 b6 15.Neg5 Bd5
16.Nxd4 cxd4 17.Bxd4 h6 18.Ne4 Bxb3 19.Bb2 Be6  1/2-1/2

[Event "St Affrique op"]
[Site "St Affrique"]
[Date "1994.??.??"]
[Round "?"]
[White "Boudre, Jean Pierre"]
[Black "Ikonnikov, Vyacheslav"]
[Result "1/2-1/2"]
[WhiteElo "2400"]
[BlackElo "2520"]

1.e4 c5 2.Nf3 Nc6 3.Bb5 g6 4.O-O Bg7 5.Re1 Nf6 6.Nc3 O-O 7.e5 Ne8 8.Bxc6 dxc6
9.Ne4 b6 10.h3 Nc7 11.d3 h6 12.Bf4 Ne6 13.Qd2 Nxf4 14.Qxf4 Qc7 15.Rad1 Be6
16.Qg3 Rad8 17.b3 Bc8 18.Rd2 f5 19.exf6 Qxg3 20.Nxg3 exf6 21.Rde2 Rd7 22.Nh2 Kh7
23.f4 f5 24.Re7 Rf7 25.Rxf7 Rxf7 26.Nf3 Bd7 27.Kf2 Bc3 28.Re2 Rg7 29.Ne5 Be8
30.h4 h5 31.Nf3 Bd7 32.Nf1 Kg8 33.N1h2 Kf8 34.Ne5 Be8 35.Nhf3 Re7 36.Ng5 Kg7
37.Nc4 Rxe2+ 38.Kxe2 Kf6 39.Nf3 Bf7 40.Ne3 Ke7 41.Nd1 Bf6 42.c4 Kd6 43.Kd2 Bg7
44.Nc3 Be8  1/2-1/2

[Event "St Affrique op"]
[Site "St Affrique"]
[Date "1994.??.??"]
[Round "?"]
[White "Prie, Eric"]
[Black "Bouton, Christophe"]
[Result "1-0"]
[WhiteElo "2475"]
[BlackElo "2250"]

1.e4 c5 2.Nf3 Nc6 3.Bb5 d6 4.Bxc6+ bxc6 5.O-O g6 6.e5 d5 7.h3 Bg7 8.d3 Ba6
9.b3 e6 10.c4 Ne7 11.Nc3 Nc8 12.Na4 Bf8 13.Ba3 Qa5 14.Qe1 Qxe1 15.Rfxe1 Nb6
16.Nxc5 Bc8 17.Nd4 Nd7 18.Nxd7 Bxa3 19.Nf6+ Kd8 20.Nxc6+ Kc7 21.Nd4 Ba6 22.Nf3 dxc4
23.dxc4 h6 24.Rad1 Rhd8 25.Ng4 Bb4 26.Rf1 Bf8 27.Nd4 Rab8 28.Rd3 h5 29.Nf6 Bc5
30.Rfd1 Bxd4 31.Rxd4 Rxd4 32.Rxd4 Bc8 33.f3 a5 34.Ne8+ Kc6 35.Rd6+ Kc5 36.Rd8 a4
37.Nd6 axb3 38.axb3  1-0

[Event "St Feliu op"]
[Site "St Feliu"]
[Date "1994.??.??"]
[Round "4"]
[White "Ruiz Diez, Julio Cesar"]
[Black "Valles Moreno, Ivan"]
[Result "1-0"]
[WhiteElo "2180"]
[BlackElo "2270"]

1.e4 c5 2.Nf3 Nc6 3.Bb5 g6 4.Bxc6 bxc6 5.O-O Bg7 6.Re1 Nh6 7.c3 f6 8.d4 cxd4
9.cxd4 Nf7 10.Nc3 d6 11.b3 O-O 12.Bb2 Bd7 13.Qe2 Qc7 14.Rad1 Rad8 15.h3 Bc8
16.Nh2 Rfe8 17.Ng4 f5 18.exf5 gxf5 19.Ne3 e5 20.dxe5 dxe5 21.Qh5 Nd6 22.Ba3 Rf8
23.Nc4 Nxc4 24.Bxf8 Rxf8 25.bxc4 e4 26.Ne2 f4 27.Nd4 e3 28.fxe3 fxe3 29.Nf3 Qe7
30.Rd3 e2 31.Rd2 Qe3+ 32.Kh1 Rxf3 33.Rdxe2  1-0

[Event "St Petersburg op2"]
[Site "St Petersburg"]
[Date "1994.??.??"]
[Round "3"]
[White "Nadyrhanov, S."]
[Black "Zakharov, Alexander V"]
[Result "1/2-1/2"]
[WhiteElo "2475"]
[BlackElo "2390"]

1.e4 c5 2.Nf3 Nc6 3.Bb5 e6 4.O-O Nge7 5.c3 d5 6.exd5 Qxd5 7.Re1 Bd7 8.Na3 Ng6
9.Bf1 Be7 10.d4 cxd4 11.Nb5 Rc8 12.Nbxd4 Nxd4 13.Nxd4 e5 14.Nb5 Qxd1 15.Rxd1 a6
16.Nd6+ Bxd6 17.Rxd6 Ke7 18.Rd1 Be6 19.Be3 Rhd8 20.Rxd8 Kxd8 21.g3 Ne7 22.Bg2 Kc7
23.a4 Nf5 24.Ba7 Rd8 25.b4 Rd2 26.Rc1 Nd6 27.Be3 Ra2 28.a5 Nc4 29.Bc5 Rd2
30.Bf1  1/2-1/2

[Event "St Petersburg op2"]
[Site "St Petersburg"]
[Date "1994.??.??"]
[Round "5"]
[White "Nadyrhanov, S."]
[Black "Yasinsky, V."]
[Result "1-0"]
[WhiteElo "2475"]
[BlackElo "2360"]

1.e4 c5 2.Nf3 Nc6 3.Bb5 g6 4.O-O Bg7 5.Re1 Nf6 6.Bxc6 dxc6 7.h3 O-O 8.Nc3 Ne8
9.d3 e5 10.Be3 b6 11.a3 a5 12.Na4 Ba6 13.b4 Bb5 14.Nc3 cxb4 15.axb4 Nd6 16.bxa5 Rxa5
17.Rxa5 bxa5 18.Qa1 Qc7 19.Na4 Rb8 20.Nc5 Nb7 21.Nxb7 Rxb7 22.Bc5 Ba6 23.Qa3 Qd8
24.Ra1 Rb5 25.c4 Rb8 26.Bd6 Ra8 27.Nxe5 Qe8 28.Qc5 Rd8 29.Rxa5 Bb7 30.Nf3 Qe6
31.e5 f6 32.d4 Qf5 33.Qb6  1-0

[Event "St Petersburg op2"]
[Site "St Petersburg"]
[Date "1994.??.??"]
[Round "7"]
[White "Bezman, Vadim"]
[Black "Bakhrakh, Victor"]
[Result "1/2-1/2"]
[WhiteElo "2395"]
[BlackElo "2300"]

1.e4 c5 2.Nf3 Nc6 3.Bb5 a6 4.Bxc6 dxc6 5.O-O Bg4 6.Nc3 Qc7 7.Re1 e5 8.d3 f6
9.Be3 Bd6 10.a4 a5 11.h3 Bh5 12.Nb1 Ne7 13.Na3 Nc8 14.Nc4 Be7 15.Rf1 Nb6
16.Nxb6 Qxb6 17.Qe2 g5 18.c3 Rd8 19.Rfd1 Qa6 20.g4 Bf7 21.Qc2 h5 22.d4 hxg4
23.hxg4 b6 24.dxe5 Qc8 25.Nh2 Qc7 26.Rxd8+ Bxd8 27.f3 Qxe5 28.Qg2 Bc7 29.Nf1 Bc4
30.Rd1 Ke7 31.Rd2 Bb3 32.Bf2 Qe6 33.Bg3 Bf4 34.Re2 Bxa4 35.Ne3 Bxe3+ 36.Rxe3 Rd8
37.Re1 Rd1 38.Rxd1 Bxd1 39.Bc7 b5 40.Qh3 Qf7 41.Qh8 Qe8 42.Qh7+ Ke6 43.e5 fxe5
44.Qf5+ Ke7 45.Bxe5 Kd8 46.Qxg5+ Kc8 47.Kf2 Qf7 48.Qe3 Qd5 49.Kg3 Bxf3 50.g5 Be4
51.Kf4 Bg6 52.Qh3+ Kb7 53.Qh8 Qe4+ 54.Kg3 Qd3+ 55.Kf4 Qf5+ 56.Ke3 Qxg5+ 57.Kf2 Qd2+
58.Kg3 Qe1+ 59.Kg4 Qe4+ 60.Kg3 Qd3+ 61.Kf2 Qf5+ 62.Ke3 Qg5+ 63.Kf2  1/2-1/2

[Event "St Petersburg op2"]
[Site "St Petersburg"]
[Date "1994.??.??"]
[Round "8"]
[White "Zaitsev, Igor A"]
[Black "Karasev, Vladimir I"]
[Result "1-0"]
[WhiteElo "2460"]
[BlackElo "2405"]

1.e4 c5 2.Nf3 Nc6 3.Bb5 e6 4.O-O Nge7 5.c3 a6 6.Ba4 b5 7.Bc2 d5 8.d4 cxd4
9.Nxd4 Nxd4 10.cxd4 dxe4 11.Bxe4 Nd5 12.Nc3 Bb7 13.Qf3 Bb4 14.Nxd5 Bxd5 15.Bf4 O-O
16.Rac1 Qf6 17.Bxd5 exd5 18.a3 Ba5 19.Rc5 Rad8 20.Qg3 Qe6 21.Rfc1 Rfe8 22.h3 Qf5
23.Be5 g6 24.b4 Bb6 25.Rc6 Rc8 26.Qf3 Rxc6 27.Rxc6 Qxf3 28.gxf3 Bd8 29.Rxa6 f6
30.Bf4 Re1+ 31.Kg2 Kf7 32.Rd6 Be7 33.Rxd5 Ra1 34.Rxb5 Rxa3 35.Rb7 Ke8 36.b5 g5
37.Bb8 Rd3 38.Ba7 Bd6 39.Bc5 Bf4 40.Rxh7 Rd2 41.b6  1-0

[Event "Stockholm op2"]
[Site "Stockholm"]
[Date "1994.??.??"]
[Round "4"]
[White "Ansell, Simon"]
[Black "Turner, Matthew"]
[Result "0-1"]
[WhiteElo "2280"]
[BlackElo "2395"]

1.e4 c5 2.Nf3 Nc6 3.Bb5 g6 4.Bxc6 bxc6 5.d3 Bg7 6.O-O e5 7.Nbd2 d6 8.a3 Ne7
9.b4 cxb4 10.axb4 O-O 11.Nc4 Qc7 12.Be3 Bg4 13.h3 Bxf3 14.Qxf3 f5 15.Bg5 Nc8
16.Qe2 d5 17.Na5 f4 18.f3 Qb6+ 19.Kh2 dxe4 20.Qxe4 Nd6 21.Qxc6 Nf5 22.Qxb6 axb6
23.Nc6 Rac8 24.b5 Rfe8 25.Ra7 h6 26.Be7 Rxc6 27.bxc6 Nxe7 28.Rc7 Kf7 29.Ra1 e4
30.Ra4 Be5 31.Rb7 exd3 32.cxd3 Rc8 33.Re4 Bc7 34.h4 h5 35.Kg1 Kf6 36.Kf1 Bd6
37.Rxb6 Rxc6 38.Rxc6 Nxc6 39.d4 Ne7 40.Ke2 Nf5 41.Kd3 Nxh4 42.Re2 Nf5 43.Kc4 g5
44.Kd5 Be7 45.Re6+ Kf7 46.Ke5 Nxd4 47.Rh6 Bf8 48.Rxh5 Bg7+ 49.Ke4 Kg6 50.Rh1 Nb5
51.Rh3 Nd6+ 52.Kd3 Nf5 53.Rh2 Ne3 54.Ke2 Bc3 55.Kf2 g4 56.Rh1 g3+ 57.Kg1 Bf6
58.Rh3 Nd1 59.Rxg3+ fxg3 60.f4  0-1

[Event "Stockholm op2"]
[Site "Stockholm"]
[Date "1994.??.??"]
[Round "7"]
[White "Boim, Inon"]
[Black "Hennigan, Michael"]
[Result "1-0"]
[WhiteElo "2345"]
[BlackElo "2440"]

1.e4 c5 2.Nf3 Nc6 3.Bb5 e6 4.O-O Nge7 5.Nc3 a6 6.Bxc6 Nxc6 7.d4 cxd4 8.Nxd4 Qc7
9.Kh1 Be7 10.f4 b5 11.Nce2 Bb7 12.Nf3 Na5 13.Ng3 O-O 14.c3 Nc4 15.Qd3 f6
16.b3 Nd6 17.f5 e5 18.Nd2 Rac8 19.Bb2 Ba8 20.a4 Rfd8 21.axb5 axb5 22.Rfc1 g6
23.c4 gxf5 24.exf5 Qb7 25.Qe2 bxc4 26.Nxc4 Qxb3 27.Nxe5 Rxc1+ 28.Rxc1 Qd5
29.Ng4 Re8 30.Nh5 Kf8 31.Ba3 Qxf5 32.Nhxf6 Rc8 33.Re1 Bxf6 34.Bxd6+ Kg7 35.Nxf6 Rc2
36.Nh5+ Kh6 37.Bf4+ Kg6 38.Qe8+ Qf7 39.Qxa8 Kxh5 40.Qf3+  1-0

[Event "Stockholm op2"]
[Site "Stockholm"]
[Date "1994.??.??"]
[Round "7"]
[White "Engedal, Kim Nikolai"]
[Black "Ansell, Simon"]
[Result "0-1"]
[WhiteElo "2225"]
[BlackElo "2280"]

1.e4 c5 2.Nf3 Nc6 3.Bb5 e6 4.O-O Nge7 5.Nc3 Nd4 6.Nxd4 cxd4 7.Ne2 a6 8.Bd3 Nc6
9.c4 g6 10.a3 Bg7 11.f4 O-O 12.b4 b5 13.Qb3 Bb7 14.Bb2 bxc4 15.Qxc4 Rc8 16.Qb3 f5
17.e5 g5 18.g3 gxf4 19.gxf4 Nxe5 20.fxe5 Qg5+ 21.Kf2 Qh4+ 22.Kg1 Bd5 23.Qd1 Bxe5
24.Rf2 Rf7 25.Rc1 Rxc1 26.Qxc1 Qg4+ 27.Kf1 Qh3+ 28.Ke1 Qxd3 29.Rf1 Bf3 30.Rg1+ Bg4  0-1

[Event "Stockholm op2"]
[Site "Stockholm"]
[Date "1994.??.??"]
[Round "8"]
[White "Hennigan, Michael"]
[Black "Turner, Matthew"]
[Result "1/2-1/2"]
[WhiteElo "2440"]
[BlackElo "2395"]

1.e4 c5 2.Nf3 Nc6 3.Bb5 g6 4.Bxc6 bxc6 5.O-O Bg7 6.Re1 e5 7.c3 Ne7 8.d4 cxd4
9.cxd4 exd4 10.Nxd4 O-O 11.Nc3 Qb6 12.Nb3 d5 13.Be3 Qb7 14.exd5 Nxd5 15.Nxd5 cxd5
16.Bd4 Bxd4 17.Qxd4 Rb8 18.Re2 Qa6 19.Re3 Bf5 20.Qd2 Qb6 21.Qxd5 Rfd8 22.Qe5 Qb5
23.h3 Qxe5  1/2-1/2

[Event "Sveti Sava"]
[Site "Sveti Sava"]
[Date "1994.??.??"]
[Round "?"]
[White "Ivkov, Borislav"]
[Black "Ivanovic, Bozidar"]
[Result "1/2-1/2"]
[WhiteElo "2485"]
[BlackElo "2480"]

1.e4 c5 2.Nf3 Nc6 3.Bb5 e6 4.O-O Nge7 5.Re1 a6 6.Bxc6 Nxc6 7.d4 cxd4 8.Nxd4 Bb4
9.c3 Bc5 10.Be3 Nxd4 11.Bxd4 Bxd4 12.Qxd4 O-O 13.c4 d6 14.Nc3 e5 15.Qd3 Be6
16.Red1 Rc8 17.b3 Qa5 18.Nd5 Kh8 19.a4 Bxd5 20.Qxd5 Qb4 21.Rd3 Rc6 22.a5 Kg8
23.Kf1  1/2-1/2

[Event "CZE-ch U16"]
[Site "Svetla"]
[Date "1994.??.??"]
[Round "?"]
[White "Kubala, Petr"]
[Black "Cvek, Robert"]
[Result "1-0"]
[WhiteElo "2245"]
[BlackElo "2150"]

1.e4 c5 2.Nf3 Nc6 3.Bb5 d6 4.Bxc6+ bxc6 5.O-O e5 6.c3 Bg4 7.d3 Nf6 8.h3 Bh5
9.Nbd2 Be7 10.Qa4 Qd7 11.d4 cxd4 12.cxd4 Bxf3 13.Nxf3 Nxe4 14.Re1 f5 15.dxe5 O-O
16.Be3 d5 17.Rac1 f4 18.Bd4 Rfc8 19.b3 Qb7 20.e6 c5 21.Be5 Rf8 22.Qd7 Qxd7
23.exd7 Bf6 24.Rcd1 Nc3 25.Rd3 d4 26.b4 Rfd8 27.bxc5 Rxd7 28.c6 Rd5 29.Rxd4 Rxd4
30.Nxd4 Re8 31.Nf3 Rc8 32.Bxf6 gxf6 33.Re7 Nxa2 34.c7 Nb4 35.Rd7 Nc6 36.Nd4 Rxc7
37.Rxc7 Nxd4 38.Rxa7 f3 39.g3 Ne6 40.Ra3 Kg7 41.h4  1-0

[Event "SVK-chT"]
[Site "?"]
[Date "1994.??.??"]
[Round "?"]
[White "Valent, Ivan"]
[Black "Zambor, Norbert"]
[Result "1/2-1/2"]
[WhiteElo "2200"]
[BlackElo "2065"]

1.e4 c5 2.Nf3 Nc6 3.Bb5 g6 4.O-O Bg7 5.Bxc6 dxc6 6.h3 e5 7.d3 Qe7 8.Nc3 Nh6
9.a4 f6 10.Be3 Nf7 11.Nd2 Nd8 12.f4 exf4 13.Bxf4 O-O 14.Nc4 Nf7 15.Qe2 Be6
16.Ne3 Rae8 17.Rae1 Qd7 18.Qd2 Rd8 19.Re2 Ne5 20.b3 Qd4 21.Ref2 Nf7 22.Nb1 b5
23.axb5 cxb5 24.Nc3 Qd7 25.Ncd5 f5 26.Kh1 c4 27.Qb4 g5 28.Bc7 f4 29.Bxd8 fxe3
30.Rxf7 Rxf7 31.Rxf7 Qxf7 32.Nxe3 Bf8 33.Qxb5 Qf4 34.Qxg5+ Qxg5 35.Bxg5 cxb3
36.cxb3 Bxb3 37.Nc4 Bc2 38.Nb2 Bg7 39.Bc1 a5 40.Kg1 Bd4+ 41.Kf1 Bxb2 42.Bxb2 Bxd3+
43.Kf2 Bxe4 44.g3  1/2-1/2

[Event "SVK-chT"]
[Site "?"]
[Date "1994.??.??"]
[Round "?"]
[White "Briestensky, Rastislav"]
[Black "Frindt, Kornel"]
[Result "1/2-1/2"]
[WhiteElo "2215"]
[BlackElo "2020"]

1.e4 c5 2.Nf3 Nc6 3.Bb5 g6 4.Bxc6 dxc6 5.O-O Bg7 6.d3 e5 7.Be3 Qe7 8.Nc3 Nf6
9.h3 O-O 10.Qc1 Ne8 11.Bh6 Nc7 12.Bxg7 Kxg7 13.Qe3 f6 14.Kh2 Ne6 15.Ne2 Qd6
16.g3 Nd4 17.Nfxd4 cxd4 18.Qd2 Qd7 19.Ng1 f5 20.exf5 Qxf5 21.Rae1 Be6 22.Qe2 Rae8
23.Qxe5+ Qxe5 24.Rxe5 Bd5 25.Rxe8 Rxe8 26.f3 c5 27.Kg2 b5 28.Kf2 Re7 29.b3 a5
30.Re1 Rxe1 31.Kxe1 g5 32.a3 Kf6 33.Kd2 Ke5 34.b4 cxb4 35.axb4 axb4 36.Ke2 b3
37.cxb3 Bxb3 38.f4+ gxf4 39.Nf3+ Kd5 40.gxf4 Kc5 41.f5 Bf7 42.f6 Bh5 43.Kd2 h6
44.Ne5 Kd6 45.f7 Ke7 46.Nc6+ Kxf7 47.Nxd4 b4 48.Nc6 b3 49.Nd4 b2 50.Kc2 Bg6
51.Kxb2 Bxd3 52.Kc3 Bf1 53.h4 Kf6 54.Kd2 Ke5 55.Ke3 Bg2 56.Ne2 Kf5 57.Kf2 Kg4
58.Kxg2 Kxh4 59.Kf3 Kg5  1/2-1/2

[Event "SVK-chT"]
[Site "?"]
[Date "1994.??.??"]
[Round "?"]
[White "Kysel, Jozef"]
[Black "Safyanovsky, Mark"]
[Result "0-1"]
[WhiteElo "2035"]
[BlackElo "2285"]

1.e4 c5 2.Nf3 Nc6 3.Bb5 g6 4.O-O Bg7 5.Re1 e5 6.b3 Nge7 7.Bb2 a6 8.Bf1 O-O
9.Nc3 d6 10.Nd5 Nxd5 11.exd5 Ne7 12.c4 h6 13.d3 g5 14.h3 Ng6 15.Nd2 f5 16.Be2 Nf4
17.Nf1 b6 18.Ng3 Bh8 19.Bf1 Ra7 20.Ne2 Ng6 21.Ng3 Rh7 22.Be2 Nf4 23.Nh5 Nxe2+
24.Qxe2 f4 25.Kh2 Qd7 26.Rh1 Qf5 27.Kg1 Rhf7 28.Qe4 Qh7 29.Qxh7+ Kxh7 30.Rd1 Kg6
31.g4 fxg3 32.Nxg3 Rxf2 33.Rb1 R2f3 34.Ne4 Bxh3 35.Rd1 g4 36.Bc1  0-1

[Event "SVK-chT"]
[Site "?"]
[Date "1994.??.??"]
[Round "10"]
[White "Durnik, Stefan"]
[Black "Certek, Pavel"]
[Result "1/2-1/2"]
[WhiteElo "2165"]
[BlackElo "2290"]

1.e4 c5 2.Nf3 Nc6 3.Bb5 g6 4.O-O Bg7 5.Re1 Nf6 6.e5 Nd5 7.Nc3 Nc7 8.Bxc6 dxc6
9.Ne4 b6 10.Nf6+ Kf8 11.Ne4 Bg4 12.Neg5 Qd5 13.h3 Bxf3 14.Nxf3 Ne6 15.d3 Rd8
16.Qe2 h6 17.a4 Kg8 18.a5 b5 19.h4 Kh7 20.g3 a6 21.b3 Rhe8 22.Bb2 f5 23.exf6 exf6
24.Qe4 f5 25.Qxd5 cxd5 26.Bxg7 Kxg7 27.Re5 Nd4 28.Nxd4 Rxe5 29.Nc6 Rde8 30.Nxe5 Rxe5
31.Kf1 Kf6 32.f4 Re3 33.Kf2 d4 34.b4 cxb4 35.Rb1 Ke6 36.Rxb4 Kd5 37.Rb1 Re6
38.h5 g5 39.fxg5 hxg5 40.Rh1 Rh6 41.g4 Ke5 42.Kf3 Rh7 43.Re1+ Kf6 44.Re8 fxg4+
45.Kxg4 Rc7 46.h6 Kg6 47.Re6+ Kh7 48.Kxg5 Rxc2 49.Rxa6 Rc5+ 50.Kf4 b4 51.Ke4 Rb5
52.Rb6 Rxa5 53.Kxd4 Ra8 54.Kc4 Rc8+ 55.Kxb4 Rd8 56.Kc3 Rc8+ 57.Kb4 Rd8 58.Kc4 Rc8+
59.Kd5 Rc1 60.d4 Kg8 61.Kd6 Rh1 62.Kd7 Rh5 63.Rd6 Kf7 64.d5 Rh1 65.Re6 Ra1
66.h7 Ra7+ 67.Kd6 Ra6+ 68.Ke5 Ra8 69.Rd6 Re8+ 70.Kf5 Kg7 71.Rd7+ Kh8 72.d6 Rf8+
73.Ke6 Rf6+ 74.Ke7 Re6+  1/2-1/2

[Event "SVK-chT"]
[Site "?"]
[Date "1994.??.??"]
[Round "12"]
[White "Privara, Igor"]
[Black "Valent, Ivan"]
[Result "1/2-1/2"]
[WhiteElo "2250"]
[BlackElo "2200"]

1.e4 c5 2.Nf3 Nc6 3.Bb5 g6 4.O-O Bg7 5.c3 e5 6.d4 cxd4 7.cxd4 exd4 8.Bf4 a6
9.Qa4 Ra7 10.Be2 d6 11.Nbd2 Ne7 12.Qa3 d5 13.exd5 Nxd5 14.Bd6 Nde7 15.Nb3 b6
16.Rad1 Rd7 17.Nbxd4 Nxd4 18.Nxd4 Rxd6 19.Nc6 Rxd1 20.Nxd8 Rxd8 21.Re1 Bf6
22.Qf3 Rd6 23.Qf4 Re6 24.Bb5+ axb5 25.Rxe6 fxe6 26.Qxf6 Rf8 27.Qd4 Bd7 28.Qxb6  1/2-1/2